Guess the Lyrics - Musical Theatre v.2 - Statistics

General Stats
  • This quiz has been taken 170 times
  • The average score is 182 of 368
Answer Stats
Answer % Correct
a
94%
I
93%
the
89%
he
85%
an
77%
me
77%
we
75%
on
73%
in
70%
to
70%
when
70%
is
67%
it
67%
no
67%
who
67%
and
64%
love
64%
her
61%
am
60%
for
58%
my
58%
so
58%
can
57%
of
57%
Hamilton
56%
I'm
56%
one
56%
they
55%
was
55%
then
54%
there
52%
what
52%
not
50%
if
49%
day
48%
are
46%
every
45%
mine
45%
that
43%
wait
43%
his
42%
life
42%
have
41%
or
41%
all
40%
he's
40%
side
40%
away
39%
but
39%
doesn't
39%
keep
39%
our
39%
shoes
39%
letter
38%
takes
38%
by
37%
alive
36%
bed
36%
control
36%
died
36%
discriminate
36%
husband
36%
Theodosia
36%
writes
36%
between
35%
fall
35%
she's
35%
sinners
35%
anyway
34%
just
34%
saints
34%
still
34%
thing
34%
warm
34%
while
34%
has
33%
keeping
33%
like
33%
make
33%
reason
33%
time
33%
willing
33%
British
32%
many
32%
break
31%
Georgia
31%
mother
31%
colonies
30%
father
30%
left
30%
living
30%
mistakes
30%
there's
30%
death
28%
won't
28%
legacy
27%
nothing
27%
original
27%
respect
27%
rise
27%
teach
27%
genius
26%
loving
26%
protect
26%
laugh
25%
tried
25%
late
24%
loves
24%
climb
23%
commanded
23%
cry
23%
fire
23%
grandfather
23%
lose
23%
preacher
23%
running
23%
standing
23%
behind
22%
brimstone
22%
things
22%
uphill
22%
ya
22%
endless
21%
everyone
21%
falling
21%
hymns
21%
lying
21%
faces
20%
something
20%
wastes
20%
hesitate
19%
instructions
19%
homilies
17%
inline
17%
prove
17%
winning
17%
relentless
16%
tryna
16%
exhibits
14%
keeps
14%
few
13%
inimitable
13%
game
12%
restraint
12%
survive
12%
changes
10%
pace
10%
thrive
10%
seems
9%
Hamilton's
8%
plays
8%
raises
8%
stakes
8%
goddamnit
5%
No matching quizzes found
Score Distribution
Percent of People with Each Score
Percentile by Number Answered
Your Score History
You have not taken this quiz